[Event "Torredembarra op 22nd"]
[Site "Torredembarra"]
[Date "2022.07.04"]
[Round "3"]
[White "Guasch Figuerola, Agusti"]
[Black "Martinez Pla, Xavier"]
[Result "0-1"]
[WhiteElo "2014"]
[BlackElo "2322"]
[PlyCount "80"]
[EventDate "2022.07.02"]
[EventType "swiss"]
[EventRounds "9"]
[EventCountry "ESP"]
[SourceTitle "EXT 2023"]
[Source "ChessBase"]
[SourceDate "2022.10.05"]
[SourceVersion "1"]
[SourceVersionDate "2022.10.05"]
[SourceQuality "1"]

1. d4 Nf6 2. Bg5 e6 3. e4 h6 4. Bxf6 Qxf6 5. Nc3 Bb4 6. Nge2 Qd8 7. a3 Be7 8. g3 b6 9. Bg2 Bb7 10. 0-0 d6 11. f4 Nd7 12. f5 e5 13. d5 Nf6 14. h3 h5 15. Qd3 c6 16. dxc6 Bxc6 17. Nd5 Bxd5 18. exd5 Qc7 19. Qb5+ Nd7 20. Qc6 Rc8 21. b4 h4 22. g4 Qb8 23. Qa4 Bg5 24. Kh1 Rc7 25. Ng1 Rc4 26. Rfe1 Qc7 27. Be4 0-0 28. Bd3 Rc8 29. Nf3 e4 30. Rxe4 Rxe4 31. Bxe4 Bf6 32. Re1 Ne5 33. Qb3 Qc3 34. Re3 Qa1+ 35. Kg2 Nxf3 36. Bxf3 Bd4 37. Be4 Qc1 38. Kf2 Rc3 39. Qxc3 Bxc3 40. Rxc3 Qd2+ 0-1

[Event "Catalunya-chT Gp2"]
[Site "Barcelona"]
[Date "2020.02.29"]
[Round "7.9"]
[White "Travesset Sagre, Jan"]
[Black "Guasch Figuerola, Agusti"]
[Result "1-0"]
[WhiteElo "1977"]
[BlackElo "2004"]
[PlyCount "65"]
[EventDate "2020.01.18"]
[EventType "team-tourn"]
[EventRounds "7"]
[EventCountry "ESP"]
[SourceTitle "CBM 195 Extra"]
[Source "ChessBase"]
[SourceDate "2020.05.31"]
[SourceVersion "1"]
[SourceVersionDate "2020.05.31"]
[SourceQuality "1"]
[WhiteTeam "Sant Andreu"]
[BlackTeam "Valls"]
[WhiteTeamCountry "ESP"]
[BlackTeamCountry "ESP"]

1. Nf3 g6 2. c4 Bg7 3. Nc3 d6 4. d4 Nc6 5. d5 Ne5 6. Nxe5 Bxe5 7. e4 Nf6 8. Bd3 0-0 9. 0-0 e6 10. Bg5 exd5 11. exd5 Bxh2+ 12. Kxh2 Ng4+ 13. Qxg4 Bxg4 14. Bxd8 Raxd8 15. Rfe1 f6 16. Nb5 c6 17. dxc6 bxc6 18. Nd4 Rc8 19. Rac1 Kf7 20. Be4 Bd7 21. b4 f5 22. Bf3 g5 23. b5 c5 24. Bd5+ Kf6 25. Nc6 a6 26. a4 axb5 27. axb5 Rfe8 28. Rxe8 Bxe8 29. Rb1 Bxc6 30. bxc6 h5 31. Re1 Rd8 32. Re6+ Kg7 33. Rxd6 1-0

[Event "Sitges op 45th"]
[Site "Sitges"]
[Date "2019.07.22"]
[Round "1"]
[White "Guasch Figuerola, Agusti"]
[Black "Guliyev, Namig"]
[Result "0-1"]
[WhiteElo "2071"]
[BlackElo "2551"]
[PlyCount "64"]
[EventDate "2019.07.22"]
[EventType "swiss"]
[EventRounds "9"]
[EventCountry "ESP"]
[SourceTitle "CBM 191 Extra"]
[Source "ChessBase"]
[SourceDate "2019.09.30"]
[SourceVersion "1"]
[SourceVersionDate "2019.09.30"]
[SourceQuality "1"]

1. c4 e6 2. g3 d5 3. Nf3 d4 4. Bg2 Nc6 5. 0-0 g6 6. e3 Bg7 7. exd4 Nge7 8. Nc3 0-0 9. d3 Nxd4 10. Nxd4 Bxd4 11. Ne2 Bg7 12. d4 Nf5 13. d5 exd5 14. cxd5 Re8 15. Nc3 Bd7 16. h4 Qf6 17. Bg5 Qb6 18. Ne4 h6 19. Bf4 Rad8 20. Rb1 c6 21. d6 Be6 22. Qa4 Bd5 23. Rfd1 Bxe4 24. Bxe4 Nd4 25. Bd3 g5 26. hxg5 hxg5 27. Bxg5 Nf3+ 28. Kg2 Nxg5 29. Qh4 Qc5 30. d7 Re7 31. Bc4 Rexd7 32. Rdc1 Qf5 0-1

[Event "Torredembarra op 21st"]
[Site "Torredembarra"]
[Date "2019.07.13"]
[Round "8"]
[White "Guasch Figuerola, Agusti"]
[Black "Borrellas Comellas, Josep"]
[Result "0-1"]
[WhiteElo "2071"]
[BlackElo "1935"]
[PlyCount "136"]
[EventDate "2019.07.06"]
[EventType "swiss"]
[EventRounds "9"]
[EventCountry "ESP"]
[SourceTitle "CBM 191 Extra"]
[Source "ChessBase"]
[SourceDate "2019.09.30"]
[SourceVersion "1"]
[SourceVersionDate "2019.09.30"]
[SourceQuality "1"]

1. c4 e6 2. g3 d5 3. Nf3 Nf6 4. Bg2 Be7 5. 0-0 0-0 6. b3 Ne4 7. Bb2 Bf6 8. d4 b6 9. Nbd2 Nd6 10. Ne5 Bb7 11. Rc1 dxc4 12. Bxb7 Nxb7 13. Ndxc4 Re8 14. e3 Qd5 15. Re1 c5 16. e4 Qd8 17. Qf3 Bxe5 18. dxe5 Qc7 19. Rcd1 Nc6 20. Qg4 Rad8 21. Nd6 Re7 22. f4 Red7 23. f5 exf5 24. exf5 Nd4 25. Bxd4 cxd4 26. f6 g6 27. Nxb7 Qxb7 28. e6 fxe6 29. Rxe6 Qd5 30. Rde1 d3 31. Re7 Qd4+ 32. Qxd4 Rxd4 33. Rg7+ Kf8 34. Rxh7 d2 35. Rd1 R8d6 36. Rh4 Rxh4 37. gxh4 Kf7 38. Kf2 Kxf6 39. Ke2 Kf5 40. Rf1+ Kg4 41. Kd1 Kxh4 42. Rf7 a5 43. Rf3 g5 44. a3 Rd5 45. Rg3 g4 46. b4 axb4 47. axb4 Rd4 48. Rb3 b5 49. Re3 Rxb4 50. Re8 Rd4 51. Rh8+ Kg5 52. Rg8+ Kf4 53. Rf8+ Ke3 54. Rg8 Kf3 55. Rg5 b4 56. Re5 b3 57. Rb5 Rd3 58. Rb4 Kg2 59. Rxg4+ Kxh2 60. Rb4 Kg2 61. Rb8 Kf3 62. Rf8+ Ke4 63. Re8+ Kf5 64. Rf8+ Ke6 65. Re8+ Kd7 66. Rb8 Kc7 67. Ra8 b2 68. Ra7+ Kb8 0-1

[Event "Tarragona Province-ch"]
[Site "Tarragona"]
[Date "2018.11.18"]
[Round "8.4"]
[White "Sanchez Mayor, Jose"]
[Black "Guasch Figuerola, Agusti"]
[Result "1-0"]
[WhiteElo "1825"]
[BlackElo "2060"]
[PlyCount "82"]
[EventDate "2018.09.30"]
[EventType "swiss"]
[EventRounds "9"]
[EventCountry "ESP"]
[SourceTitle "CBM 187 Extra"]
[Source "ChessBase"]
[SourceDate "2018.11.04"]
[SourceVersion "1"]
[SourceVersionDate "2018.11.04"]
[SourceQuality "1"]

1. d4 Nf6 2. Nf3 g6 3. c4 Bg7 4. Nc3 c5 5. d5 0-0 6. Bf4 d6 7. h3 Na6 8. Qd2 Re8 9. e3 Bf5 10. Be2 h6 11. g4 Be4 12. g5 hxg5 13. Bxg5 Bxf3 14. Bxf3 Nh7 15. Bf4 Nc7 16. 0-0-0 b5 17. h4 bxc4 18. Rdg1 Kh8 19. h5 g5 20. Bxg5 Nxg5 21. Rxg5 Bh6 22. Rg3 Qc8 23. Be4 f5 24. Bb1 Rf8 25. Rhg1 Ne8 26. Rg6 Kh7 27. f4 Rf7 28. Qg2 Bg7 29. Qh3 Rb8 30. Re6 Qb7 31. Bxf5+ Kh8 32. Rg2 Nc7 33. Reg6 Nb5 34. Rxg7 Nxc3 35. Rxf7 Nxa2+ 36. Kd1 Qxd5+ 37. Ke1 Qxf7 38. Be6 Qf6 39. Bxc4 Rxb2 40. Qc8+ Kh7 41. Qg8+ Kh6 1-0

[Event "Tarragona Province-ch"]
[Site "Tarragona"]
[Date "2018.10.21"]
[Round "4"]
[White "Varona Mancilla, David"]
[Black "Guasch Figuerola, Agusti"]
[Result "0-1"]
[WhiteElo "1818"]
[BlackElo "2060"]
[PlyCount "52"]
[EventDate "2018.09.30"]
[EventType "swiss"]
[EventRounds "9"]
[EventCountry "ESP"]
[SourceTitle "CBM 187 Extra"]
[Source "ChessBase"]
[SourceDate "2018.11.04"]
[SourceVersion "1"]
[SourceVersionDate "2018.11.04"]
[SourceQuality "1"]

1. d4 g6 2. e4 Bg7 3. c4 Nc6 4. Nf3 d6 5. d5 Ne5 6. Nxe5 Bxe5 7. f4 Bg7 8. Qc2 Nf6 9. Nc3 0-0 10. Bd2 c6 11. Be2 e6 12. dxe6 Bxe6 13. 0-0-0 Bg4 14. Be3 Bxe2 15. Qxe2 Qe7 16. Bd4 Rfe8 17. Rhe1 a6 18. e5 dxe5 19. Bxe5 Qb4 20. Qd3 b5 21. Qd4 c5 22. Nd5 Qxe1 23. Qd3 Rxe5 24. fxe5 Qxe5 25. cxb5 Nxd5 26. Qxd5 Qxb2# 0-1

[Event "Sitges op 44th"]
[Site "Sitges"]
[Date "2018.07.22"]
[Round "1"]
[White "Guasch Figuerola, Agusti"]
[Black "Munoz Pantoja, Miguel Angel"]
[Result "0-1"]
[WhiteElo "2084"]
[BlackElo "2500"]
[PlyCount "65"]
[EventDate "2018.07.22"]
[EventType "swiss"]
[EventRounds "9"]
[EventCountry "ESP"]
[SourceTitle "CBM 185 Extra"]
[Source "ChessBase"]
[SourceDate "2018.07.29"]
[SourceVersion "1"]
[SourceVersionDate "2018.07.29"]
[SourceQuality "1"]

1. c4 c5 2. g3 g6 3. Bg2 Bg7 4. Nc3 Nc6 5. a3 a5 6. e4 d6 7. Nge2 e5 8. d3 Nge7 9. 0-0 0-0 10. Nd5 Nxd5 11. cxd5 Ne7 12. Rb1 a4 13. b4 axb3 14. Qxb3 f5 15. Qb6 Qd7 16. Qb5 Qxb5 17. Rxb5 Ra6 18. Rb3 h6 19. Nc3 g5 20. f3 f4 21. g4 Kf7 22. Rf2 Bf6 23. Bf1 h5 24. d4 exd4 25. Bxa6 bxa6 26. Ne2 hxg4 27. Bb2 gxf3 28. Rfxf3 Bg4 29. Rf2 c4 30. Rb6 c3 31. Bc1 Bxe2 32. Rxe2 d3 33. h3 0-1

[Event "Tarragona Province-chA"]
[Site "L'Hospitalet Infant"]
[Date "2016.10.30"]
[Round "5"]
[White "Sanchez Bernardino, Miguel Angel"]
[Black "Guasch Figuerola, Agusti"]
[Result "0-1"]
[WhiteElo "1984"]
[BlackElo "2101"]
[PlyCount "92"]
[EventDate "2016.10.02"]
[EventType "swiss"]
[EventRounds "9"]
[EventCountry "ESP"]
[SourceTitle "EXT 2018"]
[Source "ChessBase"]
[SourceDate "2017.10.13"]
[SourceVersion "1"]
[SourceVersionDate "2017.10.13"]
[SourceQuality "1"]

1. e4 g6 2. d4 Bg7 3. f4 c6 4. Nf3 d5 5. exd5 cxd5 6. Bb5+ Nc6 7. Ne5 Qb6 8. Qe2 Nh6 9. Nc3 Be6 10. Na4 Qc7 11. Nc5 Bc8 12. c3 0-0 13. h3 Nf5 14. Bxc6 bxc6 15. Qf2 f6 16. Nf3 e5 17. g4 Nd6 18. 0-0 Ne4 19. Qh2 Nxc5 20. dxc5 Ba6 21. Re1 Rae8 22. Be3 Bd3 23. Rad1 Be4 24. Qg3 a5 25. fxe5 Bxf3 26. Qxf3 fxe5 27. Qg3 Qb7 28. b3 a4 29. b4 Qb5 30. a3 Qc4 31. Bc1 e4 32. Bb2 Be5 33. Qg2 Rf3 34. Qe2 Rg3+ 35. Kh1 Rxh3+ 36. Kg1 Rg3+ 37. Kh1 Qxe2 38. Rxe2 Rxg4 39. b5 cxb5 40. Rxd5 h5 41. c6 h4 42. c4 Bxb2 43. Rxb2 e3 44. c7 Rxc4 45. Rd8 Kf7 46. Rxb5 Rxc7 0-1

[Event "Amposta Calbet Memorial"]
[Site "Amposta"]
[Date "2016.04.30"]
[Round "3"]
[White "Guasch Figuerola, Agusti"]
[Black "Chalmeta Torredemer, Enric"]
[Result "1/2-1/2"]
[WhiteElo "2112"]
[BlackElo "2007"]
[PlyCount "130"]
[EventDate "2016.04.16"]
[EventType "swiss"]
[EventRounds "8"]
[EventCountry "ESP"]
[SourceTitle "CBM 172 Extra"]
[Source "ChessBase"]
[SourceDate "2016.06.21"]
[SourceVersion "1"]
[SourceVersionDate "2016.06.21"]
[SourceQuality "1"]

1. c4 Nf6 2. g3 d5 3. cxd5 Nxd5 4. Bg2 g6 5. Nc3 Nxc3 6. bxc3 Bg7 7. Nf3 0-0 8. 0-0 c5 9. Rb1 Nc6 10. Qa4 Qa5 11. Qxa5 Nxa5 12. d4 cxd4 13. cxd4 Rb8 14. Bf4 Ra8 15. Rfc1 b6 16. Rc7 Bf5 17. Re1 Rac8 18. Rxe7 Nc6 19. Rb7 Nxd4 20. Rxa7 Be4 21. Nxd4 Bxg2 22. Nf5 Ra8 23. Rxa8 Bxa8 24. Ne7+ Kh8 25. Rc1 Bf6 26. Nc8 b5 27. Nb6 Re8 28. Nxa8 Rxa8 29. Rc2 b4 30. Bd2 Bc3 31. Bxc3+ bxc3 32. Kg2 Kg7 33. Kf3 Rb8 34. Rxc3 Rb2 35. a4 Ra2 36. Rc4 h6 37. h4 h5 38. e4 Ra3+ 39. Kf4 Ra2 40. f3 Ra3 41. e5 f6 42. e6 Kf8 43. Ke4 Ke7 44. Kd5 Rd3+ 45. Kc5 Kxe6 46. Re4+ Kf5 47. Rf4+ Ke5 48. a5 g5 49. Ra4 Rxf3 50. a6 Rxg3 51. a7 Rc3+ 52. Kb6 Rc8 53. Kb7 Rh8 54. Rc4 Kd6 55. Rc6+ Ke5 56. hxg5 fxg5 57. Rh6 Rg8 58. Rxh5 Rg7+ 59. Kb6 Rxa7 60. Kxa7 Kf4 61. Kb6 g4 62. Kc5 g3 63. Rh8 g2 64. Rg8 Kf3 65. Rxg2 Kxg2 1/2-1/2

[Event "Amposta Calbet Memorial"]
[Site "Amposta"]
[Date "2016.04.23"]
[Round "2"]
[White "Cases Arasa, Jordi"]
[Black "Guasch Figuerola, Agusti"]
[Result "0-1"]
[WhiteElo "1835"]
[BlackElo "2112"]
[PlyCount "46"]
[EventDate "2016.04.16"]
[EventType "swiss"]
[EventRounds "8"]
[EventCountry "ESP"]
[SourceTitle "CBM 172 Extra"]
[Source "ChessBase"]
[SourceDate "2016.06.21"]
[SourceVersion "1"]
[SourceVersionDate "2016.06.21"]
[SourceQuality "1"]

1. d4 Nf6 2. Nf3 c5 3. c4 cxd4 4. Nxd4 e6 5. Nc3 Bb4 6. Qc2 Nc6 7. Nxc6 bxc6 8. e3 0-0 9. Bd3 d5 10. 0-0 e5 11. Rd1 Be6 12. Na4 e4 13. Be2 Ng4 14. h3 Nxf2 15. Kxf2 Qh4+ 16. Kf1 Bxh3 17. gxh3 Qxh3+ 18. Kg1 Qg3+ 19. Kf1 f5 20. c5 f4 21. exf4 Rxf4+ 22. Bxf4 Rf8 23. Qc1 e3 0-1

[Event "Tarragona Province-ch"]
[Site "Tarragona"]
[Date "2015.11.08"]
[Round "6"]
[White "Kanazirev, Pavel"]
[Black "Guasch Figuerola, Agusti"]
[Result "1-0"]
[WhiteElo "2089"]
[BlackElo "2249"]
[PlyCount "35"]
[EventDate "2015.09.27"]
[EventType "swiss"]
[EventRounds "9"]
[EventCountry "ESP"]
[SourceTitle "EXT 2017"]
[Source "ChessBase"]
[SourceDate "2016.10.25"]
[SourceVersion "1"]
[SourceVersionDate "2016.10.25"]
[SourceQuality "1"]

1. Nf3 d5 2. d4 c6 3. c4 dxc4 4. e3 b5 5. a4 Nf6 6. b3 cxb3 7. axb5 cxb5 8. Qxb3 e6 9. Bd2 Nbd7 10. Bxb5 Bd6 11. Na3 0-0 12. Nc4 Be7 13. Ba5 Qe8 14. Nfe5 Bd8 15. Bc6 Bxa5+ 16. Rxa5 Rb8 17. Qxb8 Nxb8 18. Bxe8 1-0

[Event "Torredembarra op 17th"]
[Site "Torredembarra"]
[Date "2015.07.12"]
[Round "9"]
[White "Alarcon Casellas, Rolando"]
[Black "Guasch Figuerola, Agusti"]
[Result "1-0"]
[WhiteElo "2411"]
[BlackElo "2055"]
[PlyCount "91"]
[EventDate "2015.07.04"]
[EventType "swiss"]
[EventRounds "9"]
[EventCountry "ESP"]
[SourceTitle "CBM 167 Extra"]
[Source "ChessBase"]
[SourceDate "2015.09.14"]
[SourceVersion "1"]
[SourceVersionDate "2015.09.14"]
[SourceQuality "1"]

1. d4 e6 2. Nf3 f5 3. Bg5 Be7 4. h4 b6 5. Nc3 Bb7 6. d5 Na6 7. e4 Nf6 8. exf5 exf5 9. Bc4 Ne4 10. Qd4 Bf6 11. Bxf6 Qxf6 12. Nxe4 Qxd4 13. Nd6+ cxd6 14. Nxd4 0-0 15. Bxa6 Bxa6 16. b3 Rae8+ 17. Kd2 Re4 18. c3 Re5 19. c4 b5 20. Nf3 Re4 21. cxb5 Bxb5 22. Rhe1 Rfe8 23. Rxe4 Rxe4 24. Re1 Rxe1 25. Nxe1 Kf7 26. Ke3 Kf6 27. f4 h6 28. g3 g5 29. hxg5+ hxg5 30. Nf3 gxf4+ 31. gxf4 Ba6 32. Nh4 Bb7 33. Kd4 a5 34. Ng2 Kg6 35. Ne3 a4 36. bxa4 Kf6 37. a5 Ba6 38. a4 Bb7 39. Nc2 Ke7 40. Nb4 Kd8 41. a6 Bc8 42. Kc4 Kc7 43. Kb5 Kb8 44. Kb6 Bb7 45. Nc6+ dxc6 46. axb7 1-0

[Event "Masdenverge op 4th"]
[Site "Masdenverge"]
[Date "2015.06.28"]
[Round "6"]
[White "Guasch Figuerola, Agusti"]
[Black "Fernandez Soriano, Ruben"]
[Result "1/2-1/2"]
[WhiteElo "2055"]
[BlackElo "2131"]
[PlyCount "195"]
[EventDate "2015.06.26"]
[EventType "swiss"]
[EventRounds "7"]
[EventCountry "ESP"]
[SourceTitle "EXT 2019"]
[Source "ChessBase"]
[SourceDate "2018.10.10"]
[SourceVersion "1"]
[SourceVersionDate "2018.10.10"]
[SourceQuality "1"]

1. c4 e5 2. g3 Nc6 3. Bg2 Bc5 4. Nc3 Nf6 5. d3 h6 6. Nf3 0-0 7. 0-0 d6 8. a3 a6 9. b4 Ba7 10. Bb2 Be6 11. e3 Re8 12. Rc1 Qd7 13. Qc2 Rad8 14. b5 axb5 15. Nxb5 Bb6 16. Rfe1 Bh3 17. Bh1 Bf5 18. Nd2 Ba5 19. Bc3 Bxc3 20. Nxc3 Ne7 21. Nd5 Nh7 22. e4 Be6 23. f4 Bxd5 24. cxd5 c6 25. fxe5 dxe5 26. Nf3 f6 27. dxc6 Nxc6 28. Red1 Ng5 29. Nxg5 hxg5 30. Bf3 Kh7 31. Qg2 Ra8 32. Ra1 Ra4 33. Qb2 Qd4+ 34. Qxd4 Nxd4 35. Bg4 Rea8 36. Rdb1 b5 37. Bd7 R4a5 38. Rb2 g6 39. Rab1 Rxa3 40. Bxb5 f5 41. exf5 gxf5 42. Bc4 Ra1 43. Kf2 Rxb1 44. Rxb1 g4 45. h3 gxh3 46. Rh1 Rc8 47. Rxh3+ Kg6 48. Rh1 Rc5 49. Rh3 Kf6 50. Rh8 e4 51. dxe4 Rxc4 52. exf5 Nxf5 53. Rg8 Kf7 54. Ra8 Rc2+ 55. Kf3 Rc3+ 56. Ke4 Nxg3+ 57. Kd4 Rb3 58. Ra7+ Kg6 59. Rc7 Nf5+ 60. Kc4 Rb1 61. Kd3 Kg5 62. Rc8 Kf4 63. Rf8 Rd1+ 64. Kc3 Rd7 65. Re8 Ng3 66. Rf8+ Ke3 67. Re8+ Ne4+ 68. Kc4 Rd4+ 69. Kb5 Rd5+ 70. Kb4 Kd4 71. Rh8 Rd7 72. Kb5 Rc7 73. Rh4 Rc1 74. Kb6 Ke5 75. Rh5+ Ke6 76. Rh6+ Nf6 77. Kb5 Ke5 78. Rh8 Nd5 79. Rh5+ Kd6 80. Rh6+ Kd7 81. Rh7+ Ne7 82. Rg7 Kd6 83. Rh7 Rc5+ 84. Kb4 Nd5+ 85. Kb3 Rc3+ 86. Kb2 Rg3 87. Rh8 Kc5 88. Kc2 Nf4 89. Rc8+ Kd4 90. Rd8+ Nd5 91. Kb2 Rg7 92. Kb3 Rb7+ 93. Kc2 Rc7+ 94. Kb3 Rc3+ 95. Kb2 Rc4 96. Kb3 Rc7 97. Kb2 Ke4 98. Kb3 1/2-1/2

[Event "Tarragona Province-ch"]
[Site "Hospitalet de l'Infant"]
[Date "2013.10.20"]
[Round "3"]
[White "Cusido Rodriguez, Joan"]
[Black "Guasch Figuerola, Agusti"]
[Result "0-1"]
[WhiteElo "1798"]
[BlackElo "2072"]
[PlyCount "60"]
[EventDate "2013.10.06"]
[EventType "swiss"]
[EventRounds "9"]
[EventCountry "ESP"]
[SourceTitle "EXT 2017"]
[Source "ChessBase"]
[SourceDate "2016.10.25"]
[SourceVersion "1"]
[SourceVersionDate "2016.10.25"]
[SourceQuality "1"]

1. d4 c5 2. d5 e5 3. e4 d6 4. Nc3 g6 5. Nf3 Bg7 6. Bb5+ Nd7 7. a4 Ne7 8. 0-0 0-0 9. Qe2 Nf6 10. Rb1 Nh5 11. Bd2 Bg4 12. h3 Bxf3 13. Qxf3 f5 14. Bc4 Rc8 15. Bg5 Bf6 16. Bxf6 Rxf6 17. g3 fxe4 18. Qxe4 Nf5 19. Ne2 Nd4 20. Nxd4 cxd4 21. Be2 Rf5 22. Bg4 Nf6 23. Qe2 Nxg4 24. hxg4 Rf7 25. f4 Qb6 26. Kh2 Qc5 27. Rbc1 Qxd5 28. fxe5 Rxf1 29. Rxf1 dxe5 30. Qf2 e4 0-1

[Event "Tarragona Calbet Memorial"]
[Site "Tarragona"]
[Date "2013.05.25"]
[Round "7"]
[White "Fernandez Soriano, Ruben"]
[Black "Guasch Figuerola, Agusti"]
[Result "1-0"]
[WhiteElo "2120"]
[BlackElo "2052"]
[PlyCount "75"]
[EventDate "2013.04.13"]
[EventType "swiss"]
[EventRounds "8"]
[EventCountry "ESP"]
[SourceTitle "EXT 2014"]
[Source "ChessBase"]
[SourceDate "2013.11.20"]
[SourceVersion "1"]
[SourceVersionDate "2013.11.20"]
[SourceQuality "1"]

1. d4 Nf6 2. Nc3 d5 3. Bg5 c6 4. Bxf6 exf6 5. e3 Qb6 6. a3 Bf5 7. Rb1 Nd7 8. Bd3 Bg6 9. Qf3 Be7 10. Nge2 0-0 11. h4 Bxd3 12. cxd3 Qa5 13. Qg4 Rfd8 14. Ng3 Bf8 15. Nf5 Kh8 16. h5 Nb6 17. Kf1 Nc8 18. Rh3 Nd6 19. Ne2 Qd2 20. Nf4 Nxf5 21. Qxf5 Rd6 22. g4 Qc2 23. Re1 Qxb2 24. Kg2 Qxa3 25. e4 Qb4 26. e5 Qxe1 27. exd6 Bxd6 28. h6 Rg8 29. Nh5 Qe6 30. hxg7+ Rxg7 31. Nxg7 Kxg7 32. Qxh7+ Kf8 33. Qh8+ Ke7 34. Re3 Qxe3 35. fxe3 a5 36. Qa8 Kd7 37. Qxb7+ Bc7 38. e4 1-0

[Event "Tarragona Calbet Memorial"]
[Site "Tarragona"]
[Date "2013.05.11"]
[Round "5"]
[White "Panella Navarro, Sergi"]
[Black "Guasch Figuerola, Agusti"]
[Result "1/2-1/2"]
[WhiteElo "2160"]
[BlackElo "2052"]
[PlyCount "83"]
[EventDate "2013.04.13"]
[EventType "swiss"]
[EventRounds "8"]
[EventCountry "ESP"]
[SourceTitle "EXT 2014"]
[Source "ChessBase"]
[SourceDate "2013.11.20"]
[SourceVersion "1"]
[SourceVersionDate "2013.11.20"]
[SourceQuality "1"]

1. e4 c5 2. Nf3 Nc6 3. c3 d5 4. exd5 Qxd5 5. d4 e6 6. Be3 cxd4 7. cxd4 Nf6 8. Nc3 Qd8 9. a3 Be7 10. Bd3 0-0 11. 0-0 b6 12. Re1 Bb7 13. Bc2 Na5 14. Ne5 Rc8 15. Qd3 Bd5 16. Bh6 gxh6 17. Re3 Bc4 18. Rg3+ Kh8 19. Qe3 Ng8 20. Rxg8+ Kxg8 21. Qxh6 f5 22. Rd1 Bf6 23. g4 Bb3 24. Bxb3 Nxb3 25. gxf5 exf5 26. Kh1 Bg7 27. Qe6+ Kh8 28. Qxb3 Bxe5 29. dxe5 Qh4 30. Qc2 f4 31. f3 Qh3 32. Qe2 Rce8 33. Nb5 Re6 34. Nd4 Rg6 35. e6 Re8 36. e7 h5 37. Rg1 Rxg1+ 38. Kxg1 Kh7 39. Qe4+ Kh8 40. Qe5+ Kh7 41. Qe4+ Kh8 42. Qe5+ 1/2-1/2